Torschützenliste der Serie A 2020-2021 - Statistiken

Allgemein
  • Dieses Quiz wurde 28 mal gespielt
  • Das Durchschnittsergebnis liegt bei 7 aus 10
Antwortstatistiken
Tore Nationalität Verein Spieler % Korrekt
29 Portugal Juventus Turin Cristiano Ronaldo
100%
24 Belgien Inter Mailand Romelu Lukaku
96%
20 Italien Lazio Rom Ciro Immobile
93%
17 Argentinien Inter Mailand Lautaro Martínez
93%
21 Serbien AC Florenz Dušan Vlahović
78%
19 Italien SSC Neapel Lorenzo Insigne
67%
22 Kolumbien Atalanta Bergamo Luis Muriel
63%
17 Italien US Sassuolo Calcio Domenico Berardi
56%
16 Brasilien Cagliari Calcio João Pedro
41%
20 Nigeria FC Crotone Simeon Nwankwo
15%
Keine übereinstimmenden Quizze gefunden
Verteilung der Resultate
Anzahl Personen mit jedem Resultat
Perzentil nach korrekt beantworteten Fragen
Ihre Resultats-Entwicklung
Sie haben dieses Quiz noch nicht gespielt